[Event "AUT-chT2W 2122"]
[Site "Austria"]
[Date "2022.06.05"]
[Round "8.4"]
[White "Petrov, Marian"]
[Black "De Visser, Leon"]
[Result "1-0"]
[WhiteElo "2463"]
[BlackElo "2251"]
[PlyCount "65"]
[EventDate "2021.10.15"]
[EventType "team-tourn"]
[EventRounds "11"]
[EventCountry "AUT"]
[SourceTitle "EXT 2023"]
[Source "ChessBase"]
[SourceDate "2022.10.05"]
[SourceVersion "1"]
[SourceVersionDate "2022.10.05"]
[SourceQuality "1"]
[WhiteTeam "Lustenau"]
[BlackTeam "Salzburg Royal"]
[WhiteTeamCountry "AUT"]
[BlackTeamCountry "AUT"]

1. e4 c6 2. d4 d5 3. e5 c5 4. dxc5 e6 5. a3 Bxc5 6. Qg4 Ne7 7. Bd3 0-0 8. Nf3 f5 9. Qg3 Ng6 10. Nc3 Nc6 11. 0-0 a6 12. Re1 Bd7 13. Ne2 Qc7 14. Nf4 Nxf4 15. Bxf4 b5 16. c3 Be8 17. Bd2 Qe7 18. Rac1 Bg6 19. Qf4 Bh5 20. Nd4 Na5 21. Rc2 Nc4 22. Bc1 Bxd4 23. cxd4 Rfc8 24. Qg3 b4 25. Bg5 Qb7 26. axb4 Qxb4 27. Rec1 Nb6 28. h4 a5 29. Rc7 Bg4 30. Bf6 gxf6 31. exf6 Qxd4 32. f7+ Kh8 33. Rxc8+ 1-0

[Event "Oberliga Ost-B 1920"]
[Site "Germany"]
[Date "2020.01.18"]
[Round "6.4"]
[White "Nazarenus, Moritz"]
[Black "De Visser, Leon"]
[Result "0-1"]
[WhiteElo "2220"]
[BlackElo "2221"]
[PlyCount "40"]
[EventDate "2019.09.29"]
[EventType "team-tourn"]
[EventRounds "11"]
[EventCountry "GER"]
[SourceTitle "EXT 2021"]
[Source "ChessBase"]
[SourceDate "2020.10.23"]
[SourceVersion "1"]
[SourceVersionDate "2020.10.23"]
[SourceQuality "1"]
[WhiteTeam "Schoeneck"]
[BlackTeam "Griesheim"]
[WhiteTeamCountry "GER"]
[BlackTeamCountry "GER"]

1. d4 Nf6 2. c4 c5 3. d5 b5 4. cxb5 a6 5. bxa6 g6 6. Nc3 Bg7 7. e4 0-0 8. Nf3 Qa5 9. a7 Nxe4 10. axb8Q Rxb8 11. Bd2 Nxd2 12. Nxd2 Rxb2 13. Na4 Rb4 14. Rc1 Rxa4 15. Bc4 Bh6 16. Qe2 Ba6 17. Bxa6 Bxd2+ 18. Qxd2 Qxa6 19. Qe2 Qa5+ 20. Kf1 Rxa2 0-1

[Event "Oberliga Ost-B 1920"]
[Site "Germany"]
[Date "2019.12.07"]
[Round "4.5"]
[White "Schupp, Uwe"]
[Black "De Visser, Leon"]
[Result "1/2-1/2"]
[WhiteElo "2096"]
[BlackElo "2221"]
[PlyCount "140"]
[EventDate "2019.09.29"]
[EventType "team-tourn"]
[EventRounds "11"]
[EventCountry "GER"]
[SourceTitle "EXT 2021"]
[Source "ChessBase"]
[SourceDate "2020.10.23"]
[SourceVersion "1"]
[SourceVersionDate "2020.10.23"]
[SourceQuality "1"]
[WhiteTeam "Gernsheim"]
[BlackTeam "Griesheim"]
[WhiteTeamCountry "GER"]
[BlackTeamCountry "GER"]

1. Nf3 d5 2. g3 c6 3. Bg2 Bg4 4. c4 e6 5. cxd5 Bxf3 6. Bxf3 cxd5 7. Nc3 Nc6 8. 0-0 Nf6 9. d3 Be7 10. Qa4 0-0 11. Bf4 a6 12. Rfc1 b5 13. Qd1 Rc8 14. a3 Qb6 15. b4 Rfd8 16. Rab1 e5 17. Bg5 e4 18. Bxf6 Bxf6 19. Bg4 Rc7 20. dxe4 Bxc3 21. Rxc3 Ne5 22. Rxc7 Qxc7 23. Rc1 Qe7 24. e3 h5 25. Bh3 dxe4 26. Qxd8+ Qxd8 27. Rc8 Qf8 28. Rxf8+ Kxf8 29. Bf5 Nf3+ 30. Kf1 g6 31. Bc8 Nd2+ 32. Ke2 Nb1 33. Bxa6 Ke7 34. Bb7 Kd6 35. Bxe4 Nxa3 36. Kd2 Nc4+ 37. Kc3 Ne5 38. Bd3 Kc6 39. Be2 f6 40. Kd4 Nd7 41. e4 Nf8 42. f4 Ne6+ 43. Ke3 Ng7 44. Bd3 g5 45. e5 gxf4+ 46. Kxf4 fxe5+ 47. Kxe5 Ne8 48. Be2 Nc7 49. Bxh5 Na6 50. Be8+ Kc7 51. Bxb5 Nxb4 52. Ke6 Nc2 53. Ke7 Ne3 54. Bd3 Kc6 55. h4 Kd5 56. Kf6 Ng4+ 57. Kg5 Ne5 58. Bg6 Ke6 59. h5 Nf3+ 60. Kf4 Nd4 61. Bd3 Kf6 62. Bc4 Kg7 63. g4 Kh6 64. Bd5 Ne2+ 65. Ke3 Ng3 66. Bf7 Kg5 67. Bg6 Nf1+ 68. Ke2 Nh2 69. Bf5 Nxg4 70. Bxg4 Kh6 1/2-1/2

[Event "AUT-chT2W 1920"]
[Site "Austria"]
[Date "2019.10.06"]
[Round "3.2"]
[White "De Visser, Leon"]
[Black "Burschowsky, Matthias"]
[Result "1/2-1/2"]
[WhiteElo "2224"]
[BlackElo "2249"]
[PlyCount "213"]
[EventDate "2019.10.04"]
[EventType "team-tourn"]
[EventRounds "11"]
[EventCountry "AUT"]
[SourceTitle "CBM 192 Extra"]
[Source "Chessbase"]
[SourceDate "2019.11.06"]
[SourceVersion "1"]
[SourceVersionDate "2019.11.06"]
[SourceQuality "1"]
[WhiteTeam "Bernhard"]
[BlackTeam "Salzburg ASK"]
[WhiteTeamCountry "AUT"]
[BlackTeamCountry "AUT"]

1. c4 c5 2. g3 g6 3. Bg2 Bg7 4. Nc3 Nc6 5. a3 a6 6. e3 d6 7. Nge2 Nf6 8. Rb1 0-0 9. 0-0 Rb8 10. b4 Bf5 11. d3 cxb4 12. axb4 Qd7 13. b5 axb5 14. Rxb5 Na7 15. Rb6 Qc7 16. Rb3 e5 17. Ba3 Bd7 18. Qb1 Bc6 19. Nd5 Nxd5 20. Bxd5 Bxd5 21. cxd5 b5 22. Nc3 Qb6 23. Ne4 Rfd8 24. Rc1 Bf8 25. Bb4 Rbc8 26. Ra3 Rxc1+ 27. Qxc1 Qb8 28. Qa1 Nc8 29. Ba5 Nb6 30. Rb3 Qa8 31. Rxb5 Rb8 32. Qb2 Nd7 33. Rxb8 Nxb8 34. Qb5 Qa6 35. Qxb8 Qxa5 36. Nf6+ Kg7 37. Nd7 Be7 38. Qe8 Qd8 39. Qxd8 Bxd8 40. Nb8 Bb6 41. Kf1 f5 42. e4 Bc7 43. Nc6 Kf6 44. f3 h5 45. Ke2 Bb6 46. d4 exd4 47. Kd3 g5 48. h3 g4 49. fxg4 hxg4 50. hxg4 fxg4 51. Nxd4 Ke5 52. Nf5 Bf2 53. Ne3 Bxg3 54. Nxg4+ Kf4 55. Ne3 Ke5 56. Nc4+ Kf6 57. Kc3 Be1+ 58. Kb3 Ke7 59. Ka4 Kd7 60. Kb5 Kc7 61. Ka6 Bf2 62. Na3 Bc5 63. Nb5+ Kc8 64. Nc3 Bd4 65. Ne2 Be3 66. Ng3 Kc7 67. Nf5 Bc5 68. Ng7 Ba3 69. Ne6+ Kd7 70. Kb7 Ke7 71. Nf4 Kd7 72. Nd3 Bc5 73. Nb2 Bg1 74. Nc4 Bh2 75. Nb6+ Ke7 76. Kc6 Kd8 77. Nc4 Ke7 78. Kc7 Bf4 79. Na5 Ke8 80. Nc6 Bg3 81. Nd4 Bf4 82. Nf5 Kf7 83. Kc6 Kf6 84. Nxd6 Ke5 85. Kd7 Bh2 86. Ke7 Bf4 87. Nf7+ Kxe4 88. Ke6 Kd4 89. Nh8 Bb8 90. Ng6 Kc5 91. Ne5 Bc7 92. Nc6 Bd6 93. Nd8 Bg3 94. Nf7 Bb8 95. Ne5 Bc7 96. Nd7+ Kd4 97. Nf6 Bh2 98. Ne8 Kc5 99. Nf6 Kd4 100. Nh7 Bf4 101. Nf8 Bh2 102. Ng6 Bg3 103. Ne7 Kc5 104. Nc6 Bc7 105. Ne5 Kd4 106. d6 Bxd6 107. Kxd6 1/2-1/2

[Event "AUT-chT2W 1920"]
[Site "Austria"]
[Date "2019.10.05"]
[Round "2.2"]
[White "Egger, Martin"]
[Black "De Visser, Leon"]
[Result "0-1"]
[WhiteElo "2007"]
[BlackElo "2224"]
[PlyCount "112"]
[EventDate "2019.10.04"]
[EventType "team-tourn"]
[EventRounds "11"]
[EventCountry "AUT"]
[SourceTitle "CBM 192 Extra"]
[Source "Chessbase"]
[SourceDate "2019.11.06"]
[SourceVersion "1"]
[SourceVersionDate "2019.11.06"]
[SourceQuality "1"]
[WhiteTeam "Neumarkt"]
[BlackTeam "Bernhard"]
[WhiteTeamCountry "AUT"]
[BlackTeamCountry "AUT"]

1. e4 c6 2. d4 d5 3. exd5 cxd5 4. Bd3 Nc6 5. c3 Qc7 6. h3 Nf6 7. Nf3 g6 8. 0-0 Bg7 9. Re1 0-0 10. Bg5 Nh5 11. Qd2 f6 12. Be3 e5 13. Bf1 e4 14. Nh2 f5 15. Bh6 e3 16. Qxe3 f4 17. Qf3 Bxh6 18. Qxd5+ Kh8 19. Nd2 Bf5 20. Nhf3 Nf6 21. Qc5 Rad8 22. Bc4 b6 23. Qb5 Bd7 24. Qa6 Bc8 25. Qa4 Bb7 26. Ba6 Ba8 27. Nc4 Nd5 28. Nce5 Nxe5 29. Rxe5 Nf6 30. Rae1 Bxf3 31. gxf3 Rf7 32. Bc4 Rg7 33. Be6 Re7 34. Qb4 Bf8 35. Qa4 Rde8 36. Kg2 Qd6 37. Qc4 Nh5 38. Bf7 Rxe5 39. dxe5 Rxe5 40. Rxe5 Qxe5 41. Qc8 Qg5+ 42. Kf1 Kg7 43. Bb3 Bc5 44. Qd7+ Qe7 45. Qd2 Qd6 46. Qe2 Kh6 47. Be6 Qe7 48. Qc4 Ng7 49. Bg4 Qe5 50. a4 Nf5 51. b4 Be7 52. Qd3 Bf6 53. Bxf5 Qxf5 54. Qxf5 gxf5 55. c4 Bc3 56. b5 Bd4 0-1

[Event "AUT-chT2W 1920"]
[Site "Austria"]
[Date "2019.10.04"]
[Round "1.2"]
[White "Ruecker, Benjamin"]
[Black "De Visser, Leon"]
[Result "1/2-1/2"]
[WhiteElo "2238"]
[BlackElo "2224"]
[PlyCount "60"]
[EventDate "2019.10.04"]
[EventType "team-tourn"]
[EventRounds "11"]
[EventCountry "AUT"]
[SourceTitle "CBM 192 Extra"]
[Source "Chessbase"]
[SourceDate "2019.11.06"]
[SourceVersion "1"]
[SourceVersionDate "2019.11.06"]
[SourceQuality "1"]
[WhiteTeam "Schwarzach"]
[BlackTeam "Bernhard"]
[WhiteTeamCountry "AUT"]
[BlackTeamCountry "AUT"]

1. c4 c6 2. Nf3 d5 3. e3 Nf6 4. Nc3 e6 5. b3 Nbd7 6. Qc2 Bd6 7. Bb2 Qe7 8. Be2 dxc4 9. bxc4 e5 10. d4 0-0 11. 0-0 Re8 12. Rae1 e4 13. Nd2 Nf8 14. f3 exf3 15. Bxf3 Qc7 16. h3 Ng6 17. Nde4 Nxe4 18. Nxe4 Bh2+ 19. Kh1 Nh4 20. g4 Bg3 21. Nxg3 Qxg3 22. Qh2 Qxh2+ 23. Kxh2 Nxf3+ 24. Rxf3 Re4 25. Rf4 Rxf4 26. exf4 Be6 27. Rc1 Re8 28. Kg3 f6 29. Kf3 Bf7 30. a4 h5 1/2-1/2

[Event "BL2-Sued 1819"]
[Site "Germany"]
[Date "2019.03.23"]
[Round "9.8"]
[White "Kachiani Gersinska, Ketino"]
[Black "De Visser, Leon"]
[Result "1-0"]
[WhiteElo "2304"]
[BlackElo "2228"]
[PlyCount "75"]
[EventDate "2018.11.10"]
[EventType "team-tourn"]
[EventRounds "10"]
[EventCountry "GER"]
[SourceTitle "CBM 190 Extra"]
[Source "ChessBase"]
[SourceDate "2019.07.15"]
[SourceVersion "1"]
[SourceVersionDate "2019.07.15"]
[SourceQuality "1"]
[WhiteTeam "Baden-Baden II"]
[BlackTeam "Griesheim"]
[WhiteTeamCountry "GER"]
[BlackTeamCountry "GER"]

1. d4 Nf6 2. c4 c5 3. d5 b5 4. Nf3 Bb7 5. a4 Qa5+ 6. Bd2 b4 7. Bg5 d6 8. Nbd2 Nbd7 9. e4 g6 10. h3 Bg7 11. Bd3 Qc7 12. a5 0-0 13. 0-0 e5 14. g4 Rae8 15. Re1 Bc8 16. Nh4 Kh8 17. Ndf3 Ng8 18. Qc1 Bf6 19. Bd2 Qd8 20. Ng2 Bg7 21. Bc2 a6 22. Kf1 Nb8 23. Ne3 Bh6 24. Ba4 Re7 25. g5 Bxh3+ 26. Ke2 Bg7 27. Rh1 Bd7 28. Rh2 Bxa4 29. Rxa4 f5 30. Qh1 Bh6 31. gxh6 f4 32. Nc2 Nf6 33. Ng5 Qd7 34. Ra1 b3 35. Ne1 Qg4+ 36. Nef3 Nxe4 37. Nxe4 Qf5 38. Nfg5 1-0

[Event "AUT-chT2W 1819"]
[Site "Austria"]
[Date "2019.03.09"]
[Round "10.2"]
[White "De Visser, Leon"]
[Black "Muehlbacher, Bernhard"]
[Result "1-0"]
[WhiteElo "2243"]
[BlackElo "2066"]
[PlyCount "67"]
[EventDate "2018.10.12"]
[EventType "team-tourn"]
[EventRounds "11"]
[EventCountry "AUT"]
[SourceTitle "CBM 189 Extra"]
[Source "ChessBase"]
[SourceDate "2019.06.03"]
[SourceVersion "1"]
[SourceVersionDate "2019.06.03"]
[SourceQuality "1"]
[WhiteTeam "Neumarkt"]
[BlackTeam "Rochade Rum"]
[WhiteTeamCountry "AUT"]
[BlackTeamCountry "AUT"]

1. c4 c5 2. g3 g6 3. Bg2 Bg7 4. Nc3 Nc6 5. a3 Nf6 6. Rb1 0-0 7. d3 Ne8 8. Nf3 d6 9. Bd2 Nc7 10. Qc1 Bd7 11. Bh6 Qc8 12. h4 f6 13. b4 Nd8 14. bxc5 dxc5 15. Bxg7 Kxg7 16. Qe3 Rf7 17. Qxc5 b6 18. Qe3 Rb8 19. 0-0 Nb7 20. Nd4 Nd8 21. Ndb5 Nxb5 22. Nxb5 a6 23. Nc3 b5 24. Nd5 e6 25. Nb6 Qc7 26. Nxd7 Rxd7 27. c5 e5 28. f4 Re7 29. f5 Rd7 30. Rbc1 Nc6 31. fxg6 hxg6 32. Qf3 Nd4 33. Qxf6+ Kh7 34. Rf2 1-0

[Event "AUT-chT2W 1819"]
[Site "Austria"]
[Date "2019.03.08"]
[Round "9.5"]
[White "De Visser, Leon"]
[Black "Sergeev, Vladimir"]
[Result "1/2-1/2"]
[WhiteElo "2243"]
[BlackElo "2412"]
[PlyCount "65"]
[EventDate "2018.10.12"]
[EventType "team-tourn"]
[EventRounds "11"]
[EventCountry "AUT"]
[SourceTitle "CBM 189 Extra"]
[Source "ChessBase"]
[SourceDate "2019.06.03"]
[SourceVersion "1"]
[SourceVersionDate "2019.06.03"]
[SourceQuality "1"]
[WhiteTeam "Neumarkt"]
[BlackTeam "Bregenz"]
[WhiteTeamCountry "AUT"]
[BlackTeamCountry "AUT"]

1. c4 Nf6 2. g3 c6 3. Bg2 d5 4. Nf3 g6 5. b3 Bg7 6. Bb2 0-0 7. 0-0 Bg4 8. d3 Re8 9. Nbd2 Nbd7 10. Ne5 Nxe5 11. Bxe5 Qd7 12. Nf3 Qf5 13. Bb2 e5 14. cxd5 cxd5 15. Rc1 e4 16. Nd4 Qd7 17. Qd2 Bh3 18. Nc2 Rad8 19. Bd4 exd3 20. Qxd3 Bf5 21. Qd1 a6 22. Ne3 Be4 23. Qd2 Bxg2 24. Kxg2 Ne4 25. Qb2 Bh6 26. Rcd1 Qe6 27. f4 Nd6 28. Rf3 Rd7 29. Be5 Ne4 30. Bd4 Nd6 31. Be5 Ne4 32. Bd4 Nd6 33. Be5 1/2-1/2

[Event "Oberliga Ost-B 1819"]
[Site "Germany"]
[Date "2019.02.03"]
[Round "7.2"]
[White "De Visser, Leon"]
[Black "Engelmann, Jakob"]
[Result "1/2-1/2"]
[WhiteElo "2243"]
[BlackElo "2276"]
[PlyCount "44"]
[EventDate "2018.10.21"]
[EventType "team-tourn"]
[EventRounds "11"]
[EventCountry "GER"]
[SourceTitle "EXT 2020"]
[Source "ChessBase"]
[SourceDate "2019.10.17"]
[SourceVersion "1"]
[SourceVersionDate "2019.10.17"]
[SourceQuality "1"]
[WhiteTeam "Griesheim II"]
[BlackTeam "Sangerhausen"]
[WhiteTeamCountry "GER"]
[BlackTeamCountry "GER"]

1. e4 c6 2. d4 d5 3. exd5 cxd5 4. Bf4 Bf5 5. c3 Nf6 6. Qb3 Qc8 7. Nf3 e6 8. Bxb8 Qxb8 9. Bb5+ Kd8 10. Ne5 Bg6 11. Nd2 Bd6 12. Ndf3 Ke7 13. Bc6 Qc7 14. Qxb7 Rab8 15. Qxc7+ Bxc7 16. b4 Ne4 17. Rc1 f6 18. Nxg6+ hxg6 19. 0-0 Nd2 20. Nxd2 Bxh2+ 21. Kh1 Bf4+ 22. Kg1 Bh2+ 1/2-1/2

[Event "AUT-chT2W 1819"]
[Site "Austria"]
[Date "2018.12.09"]
[Round "5.3"]
[White "De Visser, Leon"]
[Black "Weinzettl, Ernst"]
[Result "1/2-1/2"]
[WhiteElo "2243"]
[BlackElo "2220"]
[PlyCount "60"]
[EventDate "2018.10.12"]
[EventType "team-tourn"]
[EventRounds "11"]
[EventCountry "AUT"]
[SourceTitle "CBM 189 Extra"]
[Source "ChessBase"]
[SourceDate "2019.06.03"]
[SourceVersion "1"]
[SourceVersionDate "2019.06.03"]
[SourceQuality "1"]
[WhiteTeam "Neumarkt"]
[BlackTeam "Absam"]
[WhiteTeamCountry "AUT"]
[BlackTeamCountry "AUT"]

1. c4 Nf6 2. g3 g6 3. Bg2 Bg7 4. Nc3 0-0 5. d3 d6 6. Rb1 a5 7. a3 e5 8. Nf3 Nc6 9. 0-0 Nd4 10. b4 axb4 11. axb4 c6 12. Bb2 Bg4 13. e3 Nxf3+ 14. Bxf3 Qd7 15. b5 Bxf3 16. Qxf3 d5 17. bxc6 bxc6 18. cxd5 cxd5 19. Ra1 Rfb8 20. Rxa8 Rxa8 21. Ra1 Rxa1+ 22. Bxa1 Qa7 23. Qd1 h5 24. Qa4 Qb7 25. Qb5 Qa8 26. Bb2 h4 27. Qa4 Qb7 28. Qb5 Qa8 29. Qa4 Qb7 30. Qb5 Qa8 1/2-1/2

[Event "SM-2018-0-00395"]
[Site "LSS email"]
[Date "2018.06.29"]
[Round "?"]
[White "De Visser, Leon"]
[Black "Sander, Ingo"]
[Result "1/2-1/2"]
[WhiteElo "2338"]
[BlackElo "2265"]
[PlyCount "57"]
[EventDate "2018.03.24"]
[EventType "tourn (corr)"]
[EventRounds "6"]
[EventCountry "GER"]
[SourceTitle "Corr 2022"]
[Source "ChessBase"]
[SourceDate "2021.10.24"]
[SourceVersion "1"]
[SourceVersionDate "2021.10.24"]
[SourceQuality "1"]

1. c4 e6 2. g3 d5 3. Bg2 Nf6 4. Nf3 Be7 5. 0-0 0-0 6. b3 b6 7. Bb2 Bb7 8. cxd5 Nxd5 9. d4 Nd7 10. Re1 c5 11. e4 N5f6 12. Nc3 cxd4 13. Nxd4 Ne5 14. Qe2 Bc5 15. Red1 Qe7 16. Na4 Bxd4 17. Rxd4 Nc6 18. Rd2 Rfd8 19. Rad1 Rxd2 20. Rxd2 Rd8 21. Rxd8+ Qxd8 22. Bc3 e5 23. Nb2 Nd4 24. Qd3 Bc6 25. Bxd4 exd4 26. Nc4 Bb5 27. a4 Bxc4 28. Qxc4 d3 29. Bf3 1/2-1/2

[Event "SM-2018-0-00395"]
[Site "LSS email"]
[Date "2018.06.29"]
[Round "?"]
[White "Willmann, Bernd"]
[Black "De Visser, Leon"]
[Result "1/2-1/2"]
[WhiteElo "2252"]
[BlackElo "2338"]
[PlyCount "51"]
[EventDate "2018.03.24"]
[EventType "tourn (corr)"]
[EventRounds "6"]
[EventCountry "GER"]
[SourceTitle "Corr 2022"]
[Source "ChessBase"]
[SourceDate "2021.10.24"]
[SourceVersion "1"]
[SourceVersionDate "2021.10.24"]
[SourceQuality "1"]

1. e4 c6 2. d4 d5 3. Nc3 dxe4 4. Nxe4 Bf5 5. Ng3 Bg6 6. h4 h6 7. Nf3 e6 8. Ne5 Bh7 9. Bd3 Bxd3 10. Qxd3 Nd7 11. f4 Be7 12. Bd2 Nxe5 13. fxe5 Bxh4 14. 0-0-0 Bxg3 15. Qxg3 Ne7 16. Qxg7 Rg8 17. Qxh6 Qd5 18. Kb1 0-0-0 19. Qf6 Rxg2 20. Bc3 Nf5 21. Qxf7 Rg7 22. Qh5 Ng3 23. Qh6 Nf5 24. Qh5 Ng3 25. Qh6 Nf5 26. Qf4 1/2-1/2

[Event "AUT-chT 1718"]
[Site "Austria"]
[Date "2018.01.20"]
[Round "7.4"]
[White "Fleischhacker, Christian"]
[Black "De Visser, Leon"]
[Result "0-1"]
[WhiteElo "1839"]
[BlackElo "2205"]
[PlyCount "51"]
[EventDate "2017.11.16"]
[EventType "team-tourn"]
[EventRounds "11"]
[EventCountry "AUT"]
[SourceTitle "EXT 2019"]
[Source "ChessBase"]
[SourceDate "2018.10.10"]
[SourceVersion "1"]
[SourceVersionDate "2018.10.10"]
[SourceQuality "1"]
[WhiteTeam "Pamhagen"]
[BlackTeam "Goetzis"]
[WhiteTeamCountry "AUT"]
[BlackTeamCountry "AUT"]

1. e4 c6 2. d4 d5 3. exd5 cxd5 4. h3 Nc6 5. Nf3 Nf6 6. Nc3 Bf5 7. Bd3 Bxd3 8. Qxd3 e6 9. Bf4 Be7 10. 0-0 0-0 11. a3 Rc8 12. Ne5 Na5 13. b4 Nc4 14. Nxc4 Rxc4 15. Ne2 Qd7 16. c3 Rfc8 17. Rfc1 Qc6 18. f3 Ne8 19. Qd1 Bd6 20. Bxd6 Nxd6 21. a4 a5 22. b5 Qc7 23. Qd2 Nf5 24. Kf2 h5 25. f4 Nd6 26. Ng3 0-1

[Event "AUT-chT2W 1718"]
[Site "Austria"]
[Date "2018.01.14"]
[Round "8.2"]
[White "Spornberger, Andre"]
[Black "De Visser, Leon"]
[Result "1/2-1/2"]
[WhiteElo "2355"]
[BlackElo "2199"]
[PlyCount "81"]
[EventDate "2017.10.13"]
[EventType "team-tourn"]
[EventRounds "11"]
[EventCountry "AUT"]
[SourceTitle "EXT 2019"]
[Source "ChessBase"]
[SourceDate "2018.10.10"]
[SourceVersion "1"]
[SourceVersionDate "2018.10.10"]
[SourceQuality "1"]
[WhiteTeam "Rochade Rum"]
[BlackTeam "Goetzis II"]
[WhiteTeamCountry "AUT"]
[BlackTeamCountry "AUT"]

1. d4 d5 2. Bf4 Nf6 3. e3 c5 4. c3 Nc6 5. Nd2 cxd4 6. exd4 Bf5 7. Qb3 Qc8 8. Ngf3 e6 9. Be2 Be7 10. 0-0 Ne4 11. Nxe4 Bxe4 12. Ne5 Nxe5 13. Bxe5 0-0 14. Rac1 Qd7 15. f3 Bg6 16. c4 dxc4 17. Bxc4 Bd6 18. Rfd1 Rab8 19. f4 b5 20. Be2 Be4 21. Bf3 Bxf3 22. Qxf3 Rbc8 23. Rxc8 Rxc8 24. Bxd6 Qxd6 25. Qb7 Rf8 26. Qxb5 Qxf4 27. Qe5 Qxe5 28. dxe5 Rb8 29. Rd7 g5 30. Rxa7 Rxb2 31. a4 Re2 32. Ra5 Re4 33. Kf2 g4 34. Kg3 Kg7 35. Kh4 Kg6 36. Ra8 h5 37. Rg8+ Kh6 38. Rh8+ Kg6 39. Rg8+ Kh6 40. Rh8+ Kg6 41. Rg8+ 1/2-1/2

[Event "BL2-Sued 1718"]
[Site "Germany"]
[Date "2017.12.10"]
[Round "6.8"]
[White "De Visser, Leon"]
[Black "Schaefer, Michael"]
[Result "1/2-1/2"]
[WhiteElo "2199"]
[BlackElo "2197"]
[PlyCount "144"]
[EventDate "2017.10.21"]
[EventType "team-tourn"]
[EventRounds "10"]
[EventCountry "GER"]
[SourceTitle "CBM 183 Extra"]
[Source "ChessBase"]
[SourceDate "2018.04.19"]
[SourceVersion "1"]
[SourceVersionDate "2018.04.19"]
[SourceQuality "1"]
[WhiteTeam "Griesheim"]
[BlackTeam "Moerlenbach Birkenau"]
[WhiteTeamCountry "GER"]
[BlackTeamCountry "GER"]

1. c4 e6 2. g3 d5 3. Bg2 Nf6 4. Nf3 Be7 5. 0-0 0-0 6. b3 c5 7. cxd5 Nxd5 8. Bb2 Nc6 9. d4 cxd4 10. Nxd4 Nxd4 11. Bxd4 Bd7 12. e4 Nb4 13. Nc3 Nc6 14. Be3 Nb8 15. Qe2 Bc6 16. Nb5 Qa5 17. Nd4 Bf6 18. Rfd1 Bxd4 19. Bxd4 e5 20. Be3 Nd7 21. Rac1 Rfd8 22. Qb2 Nf6 23. f3 Qc7 24. Rxd8+ Rxd8 25. Bf1 a6 26. a4 Qd6 27. Be2 Re8 28. Qc3 Nd7 29. Rd1 Qf6 30. Qb4 h6 31. Qd6 Qxd6 32. Rxd6 Re6 33. Rxe6 fxe6 34. h4 Kf7 35. g4 Nf8 36. Kf2 Nh7 37. Bd2 Nf8 38. Bf1 Nd7 39. Bb4 Kf6 40. Ke3 Kf7 41. g5 hxg5 42. hxg5 Kg6 43. Be7 Kf7 44. Bd6 Kg6 45. Bh3 Kf7 46. Kd3 Kg6 47. Bxe6 Kxg5 48. Ke3 Kf6 49. Bh3 g6 50. Kf2 a5 51. Ke3 b5 52. axb5 Bxb5 53. f4 exf4+ 54. Kxf4 g5+ 55. Ke3 a4 56. bxa4 Bxa4 57. Kd4 Bc6 58. e5+ Nxe5 59. Bxe5+ Ke7 60. Kc5 Bd7 61. Bd6+ Ke8 62. Bg2 Kf7 63. Kd5 Bf5 64. Ke5 Bc2 65. Bc6 Bb1 66. Bd7 Bc2 67. Bc5 Bb1 68. Be3 Bc2 69. Bxg5 Bb1 70. Be6+ Kg6 71. Bf6 Bc2 72. Bd7 Kf7 1/2-1/2

[Event "AUT-chT2W 1718"]
[Site "Austria"]
[Date "2017.12.02"]
[Round "4.4"]
[White "De Visser, Leon"]
[Black "Koepke, Christian"]
[Result "1-0"]
[WhiteElo "2199"]
[BlackElo "2290"]
[PlyCount "63"]
[EventDate "2017.10.13"]
[EventType "team-tourn"]
[EventRounds "11"]
[EventCountry "AUT"]
[SourceTitle "CBM 181 Extra"]
[Source "ChessBase"]
[SourceDate "2017.12.12"]
[SourceVersion "1"]
[SourceVersionDate "2017.12.12"]
[SourceQuality "1"]
[WhiteTeam "Goetzis II"]
[BlackTeam "Kufstein/Woergl"]
[WhiteTeamCountry "AUT"]
[BlackTeamCountry "AUT"]

1. c4 g6 2. g3 Bg7 3. Bg2 Nf6 4. Nc3 0-0 5. d3 d6 6. Rb1 a5 7. a3 e5 8. e4 c6 9. Nge2 Na6 10. 0-0 Bd7 11. b4 axb4 12. axb4 Nc7 13. h3 b5 14. cxb5 Nxb5 15. Nxb5 cxb5 16. Be3 Bc6 17. Rc1 Qd7 18. Qb3 Ra6 19. Ra1 Rxa1 20. Rxa1 Rc8 21. Nc3 Ra8 22. Ra5 Rc8 23. d4 Ng4 24. d5 Nxe3 25. fxe3 Bb7 26. Nxb5 Bh6 27. Kh2 Rc1 28. Qa3 Qc8 29. Nxd6 Qc2 30. Rc5 Qf2 31. Rxc1 Bxe3 32. Rf1 1-0

[Event "CP-2017-P-00046"]
[Site "LSS email"]
[Date "2017.09.27"]
[Round "?"]
[White "De Visser, Leon"]
[Black "Habes, Jiri"]
[Result "1/2-1/2"]
[WhiteElo "2342"]
[BlackElo "1948"]
[PlyCount "117"]
[EventDate "2017.10.01"]
[EventType "tourn (corr)"]
[EventRounds "6"]
[EventCountry "GER"]
[SourceTitle "Corr 2022"]
[Source "ChessBase"]
[SourceDate "2021.10.24"]
[SourceVersion "1"]
[SourceVersionDate "2021.10.24"]
[SourceQuality "1"]

1. c4 Nf6 2. Nc3 e5 3. Nf3 Nc6 4. e3 Bb4 5. Qc2 d6 6. Nd5 Ba5 7. Be2 0-0 8. Ng5 g6 9. Nxf6+ Qxf6 10. h4 Qe7 11. a3 h6 12. Ne4 f5 13. Nc3 Bxc3 14. Qxc3 a5 15. b3 f4 16. Bb2 Qf6 17. 0-0-0 fxe3 18. fxe3 h5 19. Rdg1 Bg4 20. Bxg4 hxg4 21. h5 Kg7 22. c5 d5 23. Qd3 gxh5 24. Rxh5 Qg6 25. Qxg6+ Kxg6 26. Rh4 Kf5 27. Kc2 d4 28. Kd3 dxe3 29. Kxe3 Rh8 30. Rgh1 Rxh4 31. Rxh4 Re8 32. Rh7 Re7 33. Rh5+ Kg6 34. Rh8 Rf7 35. Bc3 Kf5 36. b4 axb4 37. axb4 Ke6 38. Rh6+ Kf5 39. b5 Na7 40. b6 cxb6 41. cxb6 Nc6 42. Rh5+ Kg6 43. Rh8 Kf5 44. Rh6 Re7 45. Rh5+ Kg6 46. Rh8 Re6 47. Rg8+ Kf5 48. Rf8+ Kg6 49. Ke4 Nd4 50. Ba5 Nb3 51. Kd5 Rc6 52. Bc3 e4 53. Re8 Rxb6 54. Rxe4 Kf5 55. Re5+ Kf4 56. d4 Kg3 57. Re2 Rc6 58. Bb4 Nc1 59. Rb2 1/2-1/2

[Event "SM-2017-0-00381"]
[Site "LSS email"]
[Date "2017.08.29"]
[Round "?"]
[White "De Visser, Leon"]
[Black "McLeod, Sylvester"]
[Result "1/2-1/2"]
[WhiteElo "2330"]
[BlackElo "2311"]
[PlyCount "29"]
[EventDate "2017.07.09"]
[EventType "tourn (corr)"]
[EventRounds "6"]
[EventCountry "GER"]
[SourceTitle "Corr 2022"]
[Source "ChessBase"]
[SourceDate "2021.10.24"]
[SourceVersion "1"]
[SourceVersionDate "2021.10.24"]
[SourceQuality "1"]

1. Nf3 Nf6 2. e3 d5 3. c4 e6 4. b3 c5 5. Bb2 Nc6 6. cxd5 exd5 7. Be2 Bd6 8. 0-0 0-0 9. Nc3 d4 10. exd4 cxd4 11. Nb5 Bc5 12. Qc2 Bb6 13. Ba3 Bg4 14. Nd6 Qc7 15. Ne4 1/2-1/2